00307nam a2200109Ia 4500008004100000041000800041082001400049100001800063245004500081260004000126300003100166240624s9999 xx 000 0 und d aeng a658.3 BAR aBARON JAMES N aSTRATEGIC HUMAN RESOURCES FRAMEWORKS FOR c1999aNew YorkbJohn Wiley and Sons axxi, : 602 : p. : cm. ; 23